000 00299nam a2200121Ia 4500
005 20260326235447.0
008 260326s9999||||xx |||||||||||||| ||und||
100 _aGindroz, Ray
245 4 _aThe Architectural Pattern Book /
_cRay Gindroz
260 _bNorton
650 _aDISEÑO URBANO
942 _cBK
999 _c7627
_d7627